| 000 | 00593cam a2200217 4500500 | ||
|---|---|---|---|
| 005 | 20260405003140.0 | ||
| 041 | _afre | ||
| 042 | _adc | ||
| 100 | 1 | 0 |
_aRobin, Anne _eauthor |
| 245 | 0 | 0 | _aProgrès |
| 260 | _c2020. | ||
| 500 | _a64 | ||
| 690 | _aCicéron | ||
| 690 | _aCondorcet | ||
| 690 | _aFrancis Bacon | ||
| 690 | _aHegel | ||
| 690 | _aLévi-Strauss | ||
| 690 | _aProgrès | ||
| 786 | 0 | _nPhilosophie magazine | 143 | 10 | 2020-10-01 | p. 55-55 | 1951-1787 | |
| 856 | 4 | 1 | _uhttps://shs.cairn.info/magazine-philosophie-magazine-2020-10-page-55?lang=fr&redirect-ssocas=7080 |
| 999 |
_c2064830 _d2064830 |
||